Perla vinícola (Record no. 157989)
[ view plain ]
| 000 -LEADER | |
|---|---|
| campo de control de longitud fija | 00882nam a22002175i 4500 |
| 001 - NÚMERO DE CONTROL | |
| campo de control | 157989 |
| 003 - IDENTIFICADOR DE NÚMERO DE CONTROL | |
| campo de control | ES-MaACL |
| 005 - FECHA Y HORA DE LA ÚLTIMA TRANSACCIÓN | |
| campo de control | 20230906210933.0 |
| 008 - DATOS DE LONGITUD FIJA--INFORMACIÓN GENERAL | |
| campo de control de longitud fija | 960320s1876 sp |||| | spa d |
| 040 ## - FUENTE DE CATALOGACIÓN | |
| Centro catalogador/agencia de origen | CLM |
| Lengua de catalogación | spa |
| Centro/agencia transcriptor | CCPB | SIC |
| 100 1# - ENTRADA PRINCIPAL--NOMBRE DE PERSONA | |
| Nombre de persona | Lopez Camuñas, José. |
| 9 (RLIN) | 129054 |
| 245 10 - MENCIÓN DEL TÍTULO | |
| Título | Perla vinícola |
| Resto del título | : fabricación, composición y mejoramiento de vinos, vinagres, cervezas y helados : revelaciones de un inteligente jerezano y de un cervecero de Paris / |
| Mención de responsabilidad, etc. | por José Lopez y Camuñas. |
| 250 ## - MENCION DE EDICION | |
| Mención de edición | 2ª ed. corr. y aum. ... |
| 260 ## - PUBLICACIÓN, DISTRIBUCIÓN, ETC. | |
| Lugar de publicación, distribución, etc. | Madrid : |
| Nombre del editor, distribuidor, etc. | Librería de Cuesta, |
| Fecha de publicación, distribución, etc. | 1876. |
| 300 ## - DESCRIPCIÓN FÍSICA | |
| Extensión | 224 p., [3] h. de lám. ; |
| Dimensiones | 18 cm. |
| 490 1# - MENCIÓN DE SERIE | |
| Mención de serie | Colección de manuales de ciencias y artes |
| 752 ## - ENTRADA AGREGADA--NOMBRE JERÁRQUICO DEL LUGAR | |
| País o entidad superior | España - |
| Ciudad | Madrid |
| 830 0# - PUNTO DE ACCESO ADICIONAL DE SERIE-TÍTULO UNIFORME | |
| Título uniforme | Colección de manuales de ciencias y artes |
| 9 (RLIN) | 221825 |
| 852 ## - LOCALIZACIÓN | |
| Ubicación | ES-MaACL |
| Número de control de estantería | D-992 |
| Nota libre | -- Enc. rúst. deteriorada |
| Estatus retirado | Estado de pérdida | Estado de daño | No para préstamo | Colección | Biblioteca de origen | Biblioteca actual | Ubicación en estantería | Fecha de adquisición | Fuente de adquisición | Total de préstamos | Signatura topográfica completa | Código de barras | Visto por última vez | Precio de reemplazo | Tipo de ítem Koha |
|---|---|---|---|---|---|---|---|---|---|---|---|---|---|---|---|
| Libros del s. XIX | Biblioteca del Ateneo de Madrid | Biblioteca del Ateneo de Madrid | Sala Valle Inclán | 17/01/2008 | D-992 | 901165348 | 23/02/2023 | 23/02/2023 | Libro impreso antiguo |
